000 01130nam a22003017a 4500
003 DO-SdBNP
005 20220517095508.0
008 110301s20192021dr 000 0 spa d
020 _a9789945633023
040 _aDO-SdBNP
_bspa
_cBNPHU
082 4 _a342.729306
_bL817d
100 1 _aLockward, Ángel
_953018
245 1 0 _aDerecho Administrativo :
_blegislación, doctrina y jurisprudencia /
_cÁngel Lockward ; prólogo Rafael Vásquez Goico, Marcos Francisco Masso Garrote
250 _a2a. ed.
260 _aSanto Domingo :
_bBúho,
_c2021.
300 _axxxiv, 336 p. :
_c23 cm.
500 _aIncluye datos biográficos del autor en la solapa de la portada.
500 _aIncluye índice.
500 _aIncluye notas a pie de paginas.
504 _aBibliografía p: 331-336
590 _aInventariado, 2022/ YL
650 4 _aDerecho administrativo
_zRepública Dominicana
_91203
650 4 _aProcedimiento administrativo
_zRepública Dominicana
_98439
700 1 2 _aVásquez Goico, Rafael
_eprol.
_964578
700 1 2 _aMasso Garrote, Marcos Francisco
_eprol.
_975619
910 _aYLockward
942 _2ddc
_cLBS1
999 _c51738
_d51738